00393nam a2200157Ia 4500003000500000008004100005020002200046040001900068082000700087100001900094245004700113260004500160300001000205365000800215546001200223STCL230726s9999 xx 000 0 und d a9789356290082qHB aSTCLcSTCLbEN 222 aNath, Ipshitha 0aMemsahibs: British women in colonial India bHarper Collins PublishersaHaryanac2022 a325 p b699 aEnglish